Impact of proposals to develop the King`s Cross Railway Lands (Record no. 20848)
[ view plain ]
| 000 -LEADER | |
|---|---|
| fixed length control field | 00824cab a2200193 4500 |
| 001 - CONTROL NUMBER | |
| control field | ABS41575 |
| 008 - FIXED-LENGTH DATA ELEMENTS--GENERAL INFORMATION | |
| fixed length control field | 090401t1989 xxu||||| |||| 00| 0 eng d |
| 035 ## - SYSTEM CONTROL NUMBER | |
| System control number | (Sirsi) u30995 |
| 041 ## - LANGUAGE CODE | |
| Language code of text/sound track or separate title | eng |
| 100 ## - MAIN ENTRY--PERSONAL NAME | |
| Personal name | Leopald, E. |
| 245 ## - TITLE STATEMENT | |
| Title | Impact of proposals to develop the King`s Cross Railway Lands |
| 260 ## - PUBLICATION, DISTRIBUTION, ETC. | |
| Date of publication, distribution, etc. | 1989 |
| 350 ## - PRICE (NR) (BK AM CF MU VM SE) [OBSOLETE] | |
| Price | 0 |
| 490 ## - SERIES STATEMENT | |
| Series statement | Local Economy |
| Volume/sequential designation | 4(1) May 1989, 17-28(7) |
| 520 ## - SUMMARY, ETC. | |
| Summary, etc. | Describes some consequences of the Kings Cross Railway Lands development which, if approved will go ahead just as new local authority legislation begins to bite, on the local authority involved and local communities. It argues the need for other local authorities to rethink their approach to large scale planning applications . References. |
| 690 ## - LOCAL SUBJECT ADDED ENTRY--TOPICAL TERM (OCLC, RLIN) | |
| Topical term or geographic name as entry element | PLANNING LAW AND PRACTICE |
| 942 ## - ADDED ENTRY ELEMENTS (KOHA) | |
| Suppress in OPAC | 0 |
| 948 ## - LOCAL PROCESSING INFORMATION (OCLC); SERIES PART DESIGNATOR (RLIN) | |
| c (OCLC) | 04/03/1997 |
| Withdrawn status | Lost status | Source of classification or shelving scheme | Damaged status | Not for loan | Home library | Current library | Shelving location | Date acquired | Total Checkouts | Full call number | Barcode | Date last seen | Copy number | Price effective from | Koha item type |
|---|---|---|---|---|---|---|---|---|---|---|---|---|---|---|---|
| Dewey Decimal Classification | London | London | Journal article | 14/09/1999 | ABS41575 | 30995-1001 | 06/08/2019 | 1 | 06/08/2019 | Journal article |